000 00560nam a2200205 4500
001 127861
003 ES-MaACL
005 20230906193114.0
007 t|
008 070214s1986 ve r ||||1| spa d
100 1 _aRivera, Francisco.
_997613
245 1 0 _aEntre el silencio y la palabra /
_cFrancisco Rivera.
250 _a1ยช ed.
260 _aCaracas :
_bMonte Avila,
_c1986.
300 _a211 p. ;
_c20 cm.
490 1 _aPuertas al campo
830 0 _aPuertas al campo
_9219224
852 _aES-MaACL
_jL-12811
_bR.112998
999 _c127861
_d127861